| 000 | 00799cgm a2200253 4500 | ||
|---|---|---|---|
| 001 | ABS56355 | ||
| 008 | 090401t1996 xxu||||| |||| 00| 0 eng d | ||
| 035 | _a(Sirsi) u95078 | ||
| 041 | _aeng | ||
| 100 | _aLennox, K. | ||
| 245 | _aProperty companies : up to the mark? | ||
| 260 | _c1996 | ||
| 350 | _a0 | ||
| 490 |
_aEstates Gazette _v(9649) 7 December 1996, 50(1) |
||
| 520 | _aDiscusses a new benchmarking system which has created a consolidated profit and loss balance sheet against which individual property companies can measure their performance. | ||
| 650 | _aBARBER WHITE | ||
| 650 | _aBENCHMARKING | ||
| 650 | _aFTAP BENCHMARK | ||
| 650 | _aKPMG | ||
| 650 | _aPROPERTY COMPANIES | ||
| 690 | _aPROPERTY-PROPERTY FINANCE AND INVESTMENT | ||
| 942 | _n0 | ||
| 948 | _c04/03/1997 | ||
| 999 |
_c85389 _d85389 |
||